[Event "Charlotte Winter GM"]
[Site "Charlotte USA"]
[Date "2020.01.20"]
[Round "9.4"]
[White "Plotkin, Mark"]
[Black "Yip, Carissa"]
[Result "0-1"]
[WhiteElo "2395"]
[BlackElo "2418"]
[PlyCount "150"]
[EventDate "2020.01.16"]
[EventType "tourn"]
[EventRounds "9"]
[EventCountry "USA"]
[EventCategory "8"]
[Source "ChessMix"]
[SourceDate "2020.02.01"]

1. e4 c5 2. Nf3 d6 3. d4 cxd4 4. Nxd4 Nf6 5. Nc3 Nc6 6. f4 e6 7. Be3 a6 8. Qf3
Bd7 9. Nb3 Qc7 10. g4 Nb4 11. Bd3 Bc6 12. g5 Nxe4 13. Bxe4 d5 14. O-O-O dxe4
15. Qf2 Nd5 16. Nxe4 O-O-O 17. Rhf1 Nxe3 18. Qxe3 Be7 19. Rde1 Kb8 20. Kb1 Bb5
21. Rg1 Bb4 22. Rc1 Bc4 23. a3 Be7 24. Ned2 Rd5 25. Qc3 Bxb3 26. Qxc7+ Kxc7 27.
cxb3+ Kb8 28. Nc4 Rf5 29. Rgf1 Rd8 30. Ne3 Rb5 31. b4 Rd3 32. Rc3 Rd4 33. Rc4
Rd3 34. Re4 Rd2 35. h4 g6 36. Rd1 Rbd5 37. Kc1 Rxd1+ 38. Nxd1 Rd7 39. Ne3 Bd8
40. Kc2 Bb6 41. Nc4 Bf2 42. Ne5 Rc7+ 43. Kd2 Bxh4 44. Rd4 Kc8 45. Nc4 Re7 46.
b5 axb5 47. Nd6+ Kc7 48. Nxb5+ Kc6 49. Na7+ Kc7 50. Rc4+ Kb8 51. Nb5 e5 52. Re4
Rd7+ 53. Ke2 Rd5 54. Nc3 Rc5 55. fxe5 Bxg5 56. Kd3 Rc6 57. b4 h5 58. b5 Re6 59.
Ne2 h4 60. Nd4 Re8 61. Nf3 Bd8 62. Rd4 h3 63. Ke4 Bc7 64. Rd7 Bxe5 65. Rxf7
Bd6+ 66. Kd5 Rf8 67. Rh7 Rxf3 68. Kxd6 Ka7 69. a4 Kb6 70. Kd7 g5 71. Rh6+ Ka5
72. Kc7 Rf7+ 73. Kd6 g4 74. Ke6 Rf2 75. Rh7 h2 0-1

[Event "Philadelphia int."]
[Site "Philadelphia USA"]
[Date "2019.06.28"]
[Round "2"]
[White "Plotkin, Mark"]
[Black "Corrales Jimenez, Fidel"]
[Result "1-0"]
[WhiteElo "2357"]
[BlackElo "2549"]
[PlyCount "59"]
[EventDate "2019.06.27"]
[EventType "swiss"]
[EventRounds "9"]
[EventCountry "USA"]
[Source "Mark Crowther"]
[SourceDate "2019.07.22"]

1. e4 c5 2. d4 cxd4 3. c3 dxc3 4. Nxc3 Nc6 5. Nf3 d6 6. Bc4 e6 7. O-O Be7 8.
Qe2 Nf6 9. Rd1 e5 10. h3 O-O 11. b4 Be6 12. Bxe6 fxe6 13. b5 Na5 14. Ba3 Rc8
15. Rac1 Nc4 16. Bb4 Qb6 17. Rb1 Nh5 18. Na4 Qxb5 19. Bxd6 Qxa4 20. Bxe7 Nf4
21. Qf1 Rf7 22. Rxb7 Nxh3+ 23. gxh3 Rxf3 24. Qe2 Qc6 25. Rbd7 Rf4 26. Qh5 Nb2
27. Rd8+ Rf8 28. Bxf8 Nxd1 29. Qg5 g6 30. Qf6 1-0

[Event "Philadelphia int."]
[Site "Philadelphia USA"]
[Date "2019.06.28"]
[Round "3.4"]
[White "Quesada Perez, Yasser"]
[Black "Plotkin, Mark"]
[Result "1-0"]
[WhiteElo "2568"]
[BlackElo "2357"]
[PlyCount "125"]
[EventDate "2019.06.27"]
[EventType "swiss"]
[EventRounds "9"]
[EventCountry "USA"]
[Source "Mark Crowther"]
[SourceDate "2019.07.22"]

1. e4 g6 2. d4 Bg7 3. Nf3 d6 4. Bc4 Nf6 5. Qe2 O-O 6. e5 dxe5 7. dxe5 Nd5 8. h3
Nb6 9. Bb3 Nc6 10. O-O Nd4 11. Nxd4 Qxd4 12. Re1 Be6 13. Nd2 Bxb3 14. axb3 Qd5
15. Nf3 Rfd8 16. Bg5 Qe6 17. Qe4 h6 18. Bd2 c6 19. Be3 Qd5 20. Qb4 e6 21. Bxb6
axb6 22. Qxb6 Qd7 23. Ra4 Rxa4 24. bxa4 Bf8 25. b3 Be7 26. Kh2 Kg7 27. Re4 c5
28. Re3 c4 29. Rc3 cxb3 30. cxb3 Rc8 31. Qe3 Rxc3 32. Qxc3 Qd5 33. Qc4 Qxc4 34.
bxc4 Kf8 35. Kg3 Ke8 36. Nd4 Bc5 37. Nb3 Bb4 38. Kf4 b6 39. g4 Kd7 40. f3 Kc6
41. h4 Be1 42. h5 g5+ 43. Ke4 Bc3 44. Nd4+ Kd7 45. Ne2 Bb2 46. f4 gxf4 47. Nxf4
f6 48. Nd3 Bc3 49. exf6 Bxf6 50. c5 bxc5 51. Nxc5+ Kd6 52. Nb3 Bd8 53. a5 Ke7
54. a6 Bb6 55. Nd4 Kf6 56. Nc6 Kg5 57. Kf3 Kh4 58. a7 Bxa7 59. Nxa7 e5 60. Nc6
e4+ 61. Kf4 e3 62. Nd4 Kh3 63. g5 1-0

[Event "Philadelphia int."]
[Site "Philadelphia USA"]
[Date "2019.06.29"]
[Round "4"]
[White "Plotkin, Mark"]
[Black "Boros, Denes"]
[Result "1/2-1/2"]
[WhiteElo "2357"]
[BlackElo "2466"]
[PlyCount "130"]
[EventDate "2019.06.27"]
[EventType "swiss"]
[EventRounds "9"]
[EventCountry "USA"]
[Source "Mark Crowther"]
[SourceDate "2019.07.22"]

1. e4 c5 2. d4 e6 3. d5 d6 4. Nc3 a6 5. a4 Nf6 6. Bd3 Be7 7. h3 O-O 8. Nf3 exd5
9. exd5 b6 10. O-O Nbd7 11. Re1 Re8 12. Bf4 Bb7 13. Bc4 Nf8 14. Qd2 Ng6 15. Bh2
Qd7 16. Rad1 Bf8 17. Ng5 h6 18. Ne6 Be7 19. Qd3 Nf8 20. Nf4 N8h7 21. Re3 Kh8
22. Rde1 Bf8 23. Re6 Be7 24. R6e3 Bf8 25. Rxe8 Nxe8 26. a5 bxa5 27. Ra1 Nc7 28.
Rxa5 Qe7 29. Ra1 Nf6 30. Qd2 Re8 31. Bb3 Nb5 32. Bc4 Nd4 33. Bg3 g5 34. Nfe2
Nxe2+ 35. Bxe2 Nxd5 36. Nxd5 Qxe2 37. Qxe2 Rxe2 38. Ne3 Rd2 39. Nc4 Rxc2 40.
Nxd6 Bd5 41. Rxa6 Bg7 42. Nf5 Rxb2 43. Rxh6+ Bxh6 44. Be5+ Kh7 45. Bxb2 Bf8 46.
Ba3 Kg6 47. g4 Be4 48. Ng3 Bf3 49. Nf5 Kf6 50. Kf1 Ke5 51. Ke1 Be4 52. Ne3 Be7
53. Kd2 Kf4 54. Ke2 Bf3+ 55. Kd3 Bb7 56. Kc4 Ba6+ 57. Kd5 Bb7+ 58. Kc4 Kf3 59.
Nf5 Bf8 60. Bxc5 Ba6+ 61. Kd4 Bxc5+ 62. Kxc5 Bf1 63. Nh6 Bxh3 64. Nxf7 Kxf2 65.
Nxg5 Bxg4 1/2-1/2

[Event "Philadelphia int."]
[Site "Philadelphia USA"]
[Date "2019.06.29"]
[Round "5"]
[White "Bryant, J."]
[Black "Plotkin, Mark"]
[Result "1-0"]
[WhiteElo "2434"]
[BlackElo "2357"]
[PlyCount "115"]
[EventDate "2019.06.27"]
[EventType "swiss"]
[EventRounds "9"]
[EventCountry "USA"]
[Source "Mark Crowther"]
[SourceDate "2019.07.22"]

1. e4 d6 2. d4 Nf6 3. Nc3 e5 4. Nf3 Nbd7 5. Bc4 Be7 6. a4 c6 7. O-O O-O 8. Re1
Qc7 9. Ba2 Re8 10. h3 Nf8 11. Be3 a5 12. Ng5 Ne6 13. Nxe6 Bxe6 14. Bxe6 fxe6
15. dxe5 dxe5 16. Qd3 Rad8 17. Qc4 Bb4 18. Red1 Kf7 19. Na2 Be7 20. Rf1 Bd6 21.
Nc3 Qe7 22. Rad1 Bb4 23. Na2 Bd6 24. Nc1 Qc7 25. Nd3 Kg8 26. f3 b6 27. Rd2 Rd7
28. Rfd1 Kf7 29. g4 Rdd8 30. Kg2 c5 31. Bf2 g5 32. h4 h6 33. Bg3 Nd7 34. hxg5
hxg5 35. b3 Qb8 36. Qc3 Bc7 37. Rh1 Rh8 38. Rxh8 Rxh8 39. Nb2 Nf8 40. Nc4 Ng6
41. Rd7+ Kf6 42. Qd2 Qc8 43. Qd3 Rg8 44. Rh7 Rg7 45. Rh6 Qb8 46. Qd2 Kf7 47.
Kf2 Nf8 48. Rh5 Kf6 49. Kg2 Rg8 50. Kf1 Rg7 51. Rh8 Ke7 52. Qc3 Rf7 53. Bxe5
Qd8 54. Ke2 Qd7 55. Qe3 Nh7 56. Ra8 Qc6 57. Rc8 Kd7 58. Rxc7+ 1-0

[Event "Philadelphia int."]
[Site "Philadelphia USA"]
[Date "2019.06.30"]
[Round "6"]
[White "Plotkin, Mark"]
[Black "Puckett, Matthew"]
[Result "1/2-1/2"]
[WhiteElo "2357"]
[BlackElo "2092"]
[PlyCount "152"]
[EventDate "2019.06.27"]
[EventType "swiss"]
[EventRounds "9"]
[EventCountry "USA"]
[Source "Mark Crowther"]
[SourceDate "2019.07.22"]

1. e4 c5 2. d4 cxd4 3. c3 Nf6 4. e5 Nd5 5. Nf3 e6 6. cxd4 d6 7. Nc3 Nxc3 8.
bxc3 Nc6 9. exd6 Qxd6 10. Bd3 Be7 11. O-O O-O 12. Re1 Bd7 13. Rb1 b6 14. Qc2 h6
15. Qe2 Rac8 16. Ne5 Nxe5 17. dxe5 Qd5 18. Rd1 Bc6 19. Bh7+ Kxh7 20. Rxd5 Bxd5
21. Qd3+ Kg8 22. Qg3 Kh7 23. Qd3+ Kg8 24. Qa6 Rc7 25. Be3 Rd8 26. Bd4 Rdd7 27.
h3 Bc5 28. Qa4 Bxd4 29. cxd4 Rc6 30. Qb5 Rdc7 31. a4 Kh7 32. a5 bxa5 33. Qxa5
Rc1+ 34. Rxc1 Rxc1+ 35. Kh2 Rc2 36. Kg3 Ra2 37. Qc7 Kg6 38. Qc1 Kh7 39. Qb1+ g6
40. Qb4 Kg7 41. Qe7 a5 42. h4 h5 43. Qf6+ Kf8 44. f3 Ke8 45. Qh8+ Ke7 46. Qb8
a4 47. Kf4 Rxg2 48. Qb4+ Kd8 49. Qf8+ Kc7 50. Qd6+ Kb7 51. Qb4+ Kc7 52. Qa5+
Kb7 53. Qxa4 Rf2 54. Qd7+ Kb6 55. Qc8 Rxf3+ 56. Kg5 Kb5 57. Kh6 Kb4 58. Kg7 Kb3
59. Kf8 Kb2 60. Ke7 Kb3 61. Kd6 Kb2 62. Qc5 Kb1 63. Kc7 Kb2 64. Kb6 Rb3+ 65.
Ka5 Ra3+ 66. Kb4 Rb3+ 67. Ka4 Rf3 68. Qf8 Kc2 69. Kb4 Kd2 70. Qh6+ Ke2 71. Kc5
Kf2 72. Kd6 Kg3 73. Qg5+ Kh3 74. Kd7 Rf5 75. Qd8 Kg4 76. Ke8 Kg3 1/2-1/2

[Event "Philadelphia int."]
[Site "Philadelphia USA"]
[Date "2019.06.30"]
[Round "7"]
[White "Cezila, Rubens Jr"]
[Black "Plotkin, Mark"]
[Result "1/2-1/2"]
[WhiteElo "2105"]
[BlackElo "2357"]
[PlyCount "105"]
[EventDate "2019.06.27"]
[EventType "swiss"]
[EventRounds "9"]
[EventCountry "USA"]
[Source "Mark Crowther"]
[SourceDate "2019.07.22"]

1. e4 g6 2. d4 Bg7 3. Nc3 d6 4. f4 Nf6 5. Nf3 O-O 6. Bd3 Nc6 7. e5 dxe5 8. fxe5
Nd5 9. Nxd5 Qxd5 10. c3 f6 11. Qe2 Kh8 12. Bc4 Qd8 13. exf6 exf6 14. O-O Ne7
15. Bf4 c6 16. Rae1 Nd5 17. Bc1 Bf5 18. Nh4 Bd7 19. Qf2 Be8 20. Qg3 Qd7 21. Bb3
Bf7 22. Nf3 Rae8 23. h4 Rxe1 24. Nxe1 Re8 25. Nd3 b6 26. Kh1 Re4 27. Bd1 Ne7
28. Ne5 Nf5 29. Rxf5 fxe5 30. Rxf7 Qxf7 31. Bf3 Qf5 32. Bxe4 Qxe4 33. dxe5 Bxe5
34. Qf2 Kg7 35. Kg1 Bd6 36. Qd4+ Qxd4+ 37. cxd4 Bg3 38. Bg5 h6 39. Bd8 Kf7 40.
Kf1 Bf4 41. Ke2 Bc1 42. b3 Ke6 43. Bc7 Kd5 44. Kd3 Bb2 45. Bf4 Bxd4 46. Bxh6
Bf2 47. Bg5 Bg3 48. Ke3 b5 49. Bf6 c5 50. Kf3 Be1 51. g4 Ke6 52. Bg5 a5 53. Ke4
1/2-1/2

[Event "Philadelphia int."]
[Site "Philadelphia USA"]
[Date "2019.07.01"]
[Round "8"]
[White "Plotkin, Mark"]
[Black "Li, Eric M"]
[Result "1-0"]
[WhiteElo "2357"]
[BlackElo "1982"]
[PlyCount "104"]
[EventDate "2019.06.27"]
[EventType "swiss"]
[EventRounds "9"]
[EventCountry "USA"]
[Source "Mark Crowther"]
[SourceDate "2019.07.22"]

1. c4 e5 2. Nc3 Nf6 3. e4 Nc6 4. Nf3 Bb4 5. d3 O-O 6. g3 a5 7. a3 Bc5 8. Bg2 d6
9. O-O Ne8 10. Nh4 Nd4 11. Kh1 c6 12. Be3 g6 13. Rb1 Ng7 14. b4 Ba7 15. Qd2 f5
16. f4 axb4 17. axb4 Be6 18. b5 Qc7 19. fxe5 dxe5 20. exf5 gxf5 21. Ne2 Rfd8
22. Bg5 Rd7 23. Bf6 Rf8 24. Nxd4 Bxd4 25. bxc6 bxc6 26. Qh6 Re8 27. Bxg7 Rxg7
28. Nxf5 Bxf5 29. Rxf5 Rg6 30. Qh4 Qe7 31. Qe4 Rf8 32. Rbf1 Rgf6 33. Qg4+ Kh8
34. Bxc6 Rxf5 35. Rxf5 Qa3 36. Rxf8+ Qxf8 37. Qf3 Qh6 38. h4 Kg7 39. Bd5 Qg6
40. Be4 Qh6 41. Kg2 Qe6 42. Qh5 h6 43. Kf3 Qf6+ 44. Kg4 Bf2 45. Kh3 Qe6+ 46.
Bf5 Qc6 47. Qg4+ Kf7 48. Be4 Qf6 49. Qd7+ Kf8 50. Bd5 Be3 51. c5 Qe7 52. Qc8+
Kg7 1-0

[Event "Philadelphia int."]
[Site "Philadelphia USA"]
[Date "2019.07.01"]
[Round "9"]
[White "Miyasaka, Marcus"]
[Black "Plotkin, Mark"]
[Result "0-1"]
[WhiteElo "2132"]
[BlackElo "2357"]
[PlyCount "62"]
[EventDate "2019.06.27"]
[EventType "swiss"]
[EventRounds "9"]
[EventCountry "USA"]
[Source "Mark Crowther"]
[SourceDate "2019.07.22"]

1. e4 c5 2. Nf3 Nc6 3. d4 cxd4 4. Nxd4 e6 5. Nc3 Qc7 6. Be2 a6 7. O-O Nf6 8.
Be3 b5 9. a3 Bb7 10. f4 d6 11. Qe1 h5 12. Bf3 Be7 13. Rd1 O-O-O 14. f5 Nxd4 15.
Bxd4 e5 16. Be3 Ng4 17. Nd5 Bxd5 18. Rxd5 Nf6 19. Rd3 Qb7 20. Qa5 d5 21. exd5
e4 22. Rc3+ Kd7 23. Bf4 Rc8 24. d6 Bd8 25. Qb4 Bb6+ 26. Kh1 exf3 27. Rcxf3 Rhe8
28. h3 Qe4 29. Qb3 Qc4 30. Qxc4 Rxc4 31. Rg3 Rxf4 0-1

[Event "Markham op"]
[Site "Markham CAN"]
[Date "2018.10.05"]
[Round "1"]
[White "Plotkin, Mark"]
[Black "Kang, Dorian"]
[Result "1-0"]
[WhiteElo "2392"]
[BlackElo "2160"]
[PlyCount "59"]
[EventDate "2018.10.05"]
[EventType "swiss"]
[EventRounds "5"]
[EventCountry "CAN"]

1. c4 c5 2. Nc3 Nc6 3. Nf3 g6 4. g3 Bg7 5. Bg2 e5 6. d3 Nge7 7. h4 h6 8. Bd2 d6
9. Qc1 Be6 10. a3 Nd4 11. Rb1 Nb3 12. Qc2 Nxd2 13. Nxd2 Qd7 14. b4 Rb8 15. bxc5
dxc5 16. Nde4 O-O 17. Nxc5 Qc7 18. Nxe6 fxe6 19. O-O a6 20. Qb3 Nc6 21. Qb6 Qd7
22. Bxc6 bxc6 23. Qxb8 Rxb8 24. Rxb8+ Kf7 25. Rfb1 Kf6 26. R1b7 Qd4 27. Ne4+
Kf5 28. Rxg7 c5 29. Rf8+ Kg4 30. Kg2 1-0

[Event "Markham op"]
[Site "Markham CAN"]
[Date "2018.10.06"]
[Round "2"]
[White "Song, Michael"]
[Black "Plotkin, Mark"]
[Result "1/2-1/2"]
[WhiteElo "2539"]
[BlackElo "2392"]
[PlyCount "89"]
[EventDate "2018.10.05"]
[EventType "swiss"]
[EventRounds "5"]
[EventCountry "CAN"]

1. d4 g6 2. e4 Bg7 3. Nc3 d6 4. g3 Nc6 5. d5 Nd4 6. Nb1 c6 7. c3 Nb5 8. Bg2 Bd7
9. Ne2 Nf6 10. O-O Rc8 11. h3 O-O 12. Be3 Qa5 13. c4 Nc7 14. Nbc3 cxd5 15. cxd5
Nb5 16. Qb3 Nxc3 17. Nxc3 Rc7 18. a4 Rfc8 19. Nb5 Rc4 20. Nxa7 Rb4 21. Qd3 Rcc4
22. b3 Rxe4 23. Bxe4 Nxe4 24. Rac1 Bxh3 25. Nb5 h5 26. Rfe1 Bf5 27. Qd1 Rxb5
28. axb5 Qxb5 29. Bd4 Bf8 30. Ba1 Nc5 31. Re3 Nd3 32. Rc4 Nc5 33. f3 Bh6 34.
Rxe7 Nxb3 35. Rcc7 Nxa1 36. Qxa1 Bg7 37. Qa8+ Kh7 38. Qe8 Qb1+ 39. Kh2 Qf1 40.
Rxf7 Qf2+ 41. Kh1 Qxf3+ 42. Kg1 Qxg3+ 43. Kh1 Qf3+ 44. Kg1 Qg3+ 45. Kh1 1/2-1/2

[Event "Markham op"]
[Site "Markham CAN"]
[Date "2018.10.06"]
[Round "3"]
[White "Plotkin, Mark"]
[Black "Ivanov, Mike"]
[Result "1/2-1/2"]
[WhiteElo "2392"]
[BlackElo "2357"]
[PlyCount "142"]
[EventDate "2018.10.05"]
[EventType "swiss"]
[EventRounds "5"]
[EventCountry "CAN"]

1. Nf3 Nc6 2. e4 d6 3. g3 Nf6 4. d3 g6 5. Bg2 Bg7 6. O-O O-O 7. Nbd2 e5 8. Nc4
Be6 9. Ne3 h6 10. c4 Nd7 11. Bd2 a5 12. Bc3 Nd4 13. Qd2 a4 14. h4 f5 15. exf5
gxf5 16. Bxd4 exd4 17. Nc2 c5 18. Rae1 Ne5 19. Nh2 Bf7 20. f4 Nc6 21. Na3 Qd7
22. g4 Ne7 23. g5 h5 24. Bf3 Ng6 25. Bxh5 Nxh4 26. Bxf7+ Kxf7 27. g6+ Nxg6 28.
Qg2 Ne7 29. Nb5 Bf6 30. Nf3 Rg8 31. Ng5+ Bxg5 32. fxg5 Rg6 33. Kf2 Rag8 34. Qh2
R8g7 35. Ke2 Rxg5 36. Kd1 R5g6 37. Kc1 a3 38. Nxa3 Qa4 39. Qh4 Qd7 40. Nb5 Re6
41. Qh5+ Rgg6 42. Rd1 Ke8 43. Qh8+ Rg8 44. Qh7 Rf8 45. Rde1 Kd8 46. Qg7 Re8 47.
Qf7 Nc8 48. Qxd7+ Kxd7 49. Rxe6 Rxe6 50. Rxf5 Re2 51. Rf7+ Ne7 52. Rf6 Re6 53.
Rxe6 Kxe6 54. Kc2 Kd7 55. Na3 Kc6 56. Nb1 d5 57. Nd2 dxc4 58. dxc4 Ng6 59. Nf3
b5 60. Kb3 b4 61. Ka4 Kb6 62. Kb3 Kc6 63. a3 bxa3 64. Kxa3 Kb6 65. b4 Ne7 66.
b5 Nc8 67. Ne5 Nd6 68. Ka4 d3 69. Kb3 Nxb5 70. Nxd3 Nd6 71. Nxc5 Nxc4 1/2-1/2

[Event "Markham op"]
[Site "Markham CAN"]
[Date "2018.10.07"]
[Round "4"]
[White "Plotkin, Mark"]
[Black "Yang, Kaiqi"]
[Result "0-1"]
[WhiteElo "2392"]
[BlackElo "2476"]
[PlyCount "50"]
[EventDate "2018.10.05"]
[EventType "swiss"]
[EventRounds "5"]
[EventCountry "CAN"]

1. Nf3 Nf6 2. g3 g6 3. Bg2 Bg7 4. O-O O-O 5. d4 d6 6. b3 c5 7. Bb2 cxd4 8. Nxd4
d5 9. Nd2 Re8 10. c4 e5 11. Nc2 d4 12. e3 Nc6 13. exd4 exd4 14. Bxc6 bxc6 15.
Nxd4 c5 16. N4f3 Bb7 17. Re1 Qd7 18. Qc2 Qc6 19. Re3 Ng4 20. Rxe8+ Rxe8 21.
Bxg7 Kxg7 22. Qc3+ f6 23. Kg2 Ne5 24. g4 Rd8 25. Re1 Rxd2 0-1

[Event "Markham op"]
[Site "Markham CAN"]
[Date "2018.10.07"]
[Round "5"]
[White "Gaisinsky, Adam"]
[Black "Plotkin, Mark"]
[Result "0-1"]
[WhiteElo "2103"]
[BlackElo "2392"]
[PlyCount "146"]
[EventDate "2018.10.05"]
[EventType "swiss"]
[EventRounds "5"]
[EventCountry "CAN"]

1. e4 f6 2. d4 e6 3. c4 Bb4+ 4. Bd2 Qe7 5. Nf3 Nh6 6. Bd3 O-O 7. O-O Bxd2 8.
Qxd2 Nc6 9. Nc3 e5 10. d5 Nd8 11. Rab1 d6 12. b4 f5 13. exf5 Nxf5 14. Ne4 Nf7
15. Ng3 N7h6 16. Rfe1 a5 17. a3 axb4 18. axb4 Ra3 19. Ra1 Rxa1 20. Rxa1 Nxg3
21. fxg3 Ng4 22. Re1 Bd7 23. h3 Nf6 24. g4 Ra8 25. Qc2 h6 26. Nh4 Ra3 27. Bf5
Qe8 28. Rf1 e4 29. Bxd7 Nxd7 30. Nf5 Qe5 31. Qf2 Kh7 32. Qe2 Nf6 33. b5 Rb3 34.
Qd2 e3 35. Qc2 Qc3 36. Nxe3+ Qxc2 37. Nxc2 Rc3 38. Nd4 Rxc4 39. Ne6 Nxd5 40.
Rf7 Kg6 41. Rf5 Nf6 42. Nd8 b6 43. Kf2 Rc5 44. Rxc5 bxc5 45. Ke3 Nd5+ 46. Kd3
Kf6 47. Nc6 Nf4+ 48. Ke4 Nxg2 49. Na5 Ke6 50. Nb3 Nh4 51. Nd2 d5+ 52. Ke3 Ke5
53. Nb3 c4 54. Nc5 d4+ 55. Ke2 Ng6 56. Na6 Nf4+ 57. Kd2 c3+ 58. Kc2 Nd5 59. Kd3
Kd6 60. Kc2 c6 61. bxc6 Kxc6 62. Nb8+ Kd6 63. Na6 g5 64. Kd3 Nf4+ 65. Kc2 Nxh3
66. Nb4 Nf2 67. Kb3 Nxg4 68. Kc4 c2 69. Nxc2 Ne3+ 70. Nxe3 dxe3 71. Kd3 Ke5 72.
Kxe3 g4 73. Kf2 Kf4 0-1

[Event "CAN-ch U20 inv. playoff"]
[Site "Toronto CAN"]
[Date "2018.08.12"]
[Round "1"]
[White "Rodrigue-Lemieux, Shawn"]
[Black "Plotkin, Mark"]
[Result "1/2-1/2"]
[WhiteElo "2342"]
[BlackElo "2352"]
[PlyCount "44"]
[EventDate "2018.08.12"]
[EventType "match"]
[EventRounds "4"]
[EventCountry "CAN"]

1. e4 g6 2. d4 Bg7 3. Nf3 d6 4. Be2 Nf6 5. Nbd2 O-O 6. O-O Nbd7 7. c3 e5 8.
dxe5 dxe5 9. Qc2 Qe7 10. Re1 Nh5 11. b3 Nf4 12. Bf1 Rd8 13. g3 Nh5 14. Nc4 Nb6
15. Ne3 Be6 16. Bb2 c6 17. Rad1 Rxd1 18. Rxd1 Nd7 19. Bc4 Bh3 20. Bf1 Be6 21.
Bc4 Bh3 22. Bf1 Be6 1/2-1/2

[Event "CAN-ch U20 inv. playoff"]
[Site "Toronto CAN"]
[Date "2018.08.12"]
[Round "2"]
[White "Plotkin, Mark"]
[Black "Rodrigue-Lemieux, Shawn"]
[Result "1/2-1/2"]
[WhiteElo "2352"]
[BlackElo "2342"]
[PlyCount "25"]
[EventDate "2018.08.12"]
[EventType "match"]
[EventRounds "4"]
[EventCountry "CAN"]

1. e4 c6 2. Nc3 d5 3. Nf3 Bg4 4. h3 Bxf3 5. Qxf3 e6 6. d4 Nf6 7. Bg5 Be7 8.
O-O-O Nxe4 9. Bxe7 Qxe7 10. Nxe4 dxe4 11. Qxe4 Nd7 12. Bd3 Nf6 13. Qf3 1/2-1/2

[Event "CAN-ch U20 inv. playoff"]
[Site "Toronto CAN"]
[Date "2018.08.12"]
[Round "3"]
[White "Plotkin, Mark"]
[Black "Rodrigue-Lemieux, Shawn"]
[Result "0-1"]
[WhiteElo "2352"]
[BlackElo "2342"]
[PlyCount "94"]
[EventDate "2018.08.12"]
[EventType "match"]
[EventRounds "4"]
[EventCountry "CAN"]

1. e4 c6 2. Nf3 d5 3. exd5 cxd5 4. Ne5 Nc6 5. d4 Nf6 6. Bb5 Bd7 7. Bxc6 Bxc6 8.
O-O e6 9. Re1 Be7 10. c3 O-O 11. Nd2 Rc8 12. Ndf3 Ne4 13. Bf4 b5 14. a3 a5 15.
Nd2 Nxd2 16. Qxd2 Qb6 17. Re3 f6 18. Nd3 Be8 19. Rae1 Bf7 20. Qe2 Rfe8 21. Qg4
Bf8 22. h4 b4 23. axb4 axb4 24. Nc1 bxc3 25. bxc3 Qb2 26. Ne2 Bg6 27. Rxe6 Bf7
28. Re3 Rxe3 29. Bxe3 Re8 30. h5 Re4 31. Qh3 h6 32. Ng3 Re8 33. Qg4 Be6 34. Qg6
Bf7 35. Qd3 Bd6 36. Nf5 Bf8 37. Rb1 Qa3 38. Rb7 Qa8 39. Qb5 Qd8 40. Qa4 Qc8 41.
Qa7 Qxf5 42. Rxf7 Qxh5 43. Rd7 Qd1+ 44. Kh2 Qh5+ 45. Kg3 Re4 46. Bf4 g5 47. f3
Qh4# 0-1

[Event "CAN-ch U20 inv. playoff"]
[Site "Toronto CAN"]
[Date "2018.08.12"]
[Round "4"]
[White "Rodrigue-Lemieux, Shawn"]
[Black "Plotkin, Mark"]
[Result "1/2-1/2"]
[WhiteElo "2342"]
[BlackElo "2352"]
[PlyCount "167"]
[EventDate "2018.08.12"]
[EventType "match"]
[EventRounds "4"]
[EventCountry "CAN"]

1. d4 g6 2. Nf3 Bg7 3. Bf4 d6 4. e3 Nd7 5. Nbd2 b6 6. c3 Bb7 7. Be2 e5 8. Bg5
Ne7 9. dxe5 dxe5 10. e4 h6 11. Bxe7 Qxe7 12. O-O O-O 13. Qc2 Nf6 14. Rfe1 Rfd8
15. Rad1 Rd7 16. Bb5 c6 17. Bf1 Rad8 18. Be2 c5 19. Bb5 Rc7 20. Bd3 Nh5 21. Nc4
Rcd7 22. g3 Kh7 23. a4 Bc6 24. b3 Qe8 25. Be2 Rxd1 26. Rxd1 Rxd1+ 27. Bxd1 Nf6
28. Nfd2 h5 29. Bf3 h4 30. Ne3 Bh6 31. Nd5 Qe6 32. c4 Nd7 33. Nf1 hxg3 34. hxg3
Nf8 35. Nfe3 f6 36. Bg4 Qd6 37. Qe2 Kg7 38. Qf3 Bg5 39. Bh3 Ne6 40. Bxe6 Qxe6
41. Qg4 Bd7 42. Qxe6 Bxe6 43. Kg2 f5 44. f4 exf4 45. gxf4 Bd8 46. Kf3 Kh6 47.
exf5 gxf5 48. Nc3 Kg6 49. Ncd5 Bc8 50. Nc3 Bb7+ 51. Ncd5 Bh4 52. Kg2 Bd8 53.
Kf3 Bc8 54. Nc3 Kh5 55. Ne2 Bb7+ 56. Nd5 Kg6 57. Kg3 Bf6 58. Nec3 Bd4 59. Ne7+
Kf6 60. Ned5+ Ke6 61. Nc7+ Kd7 62. N7d5 Kd6 63. Nb5+ Ke6 64. Ndc7+ Kd7 65. Nd5
a6 66. Nbc3 Kc6 67. Ne7+ Kd7 68. Ned5 Bxd5 69. Nxd5 Kc6 70. Ne7+ Kd7 71. Nxf5
Bc3 72. Ne3 Kc6 73. Nd5 Bd2 74. f5 b5 75. axb5+ axb5 76. f6 bxc4 77. bxc4 Kd6
78. f7 Bh6 79. Kg4 Ke5 80. Kh5 Bf8 81. Kg6 Kd4 82. Nc7 Kxc4 83. Ne6 Bd6 84.
Nxc5 1/2-1/2

[Event "CAN-ch U20 inv."]
[Site "Toronto CAN"]
[Date "2018.08.08"]
[Round "1.5"]
[White "Hua, Eugene"]
[Black "Plotkin, Mark"]
[Result "1/2-1/2"]
[WhiteElo "2446"]
[BlackElo "2332"]
[PlyCount "105"]
[EventDate "2018.08.08"]
[EventType "tourn"]
[EventRounds "9"]
[EventCountry "CAN"]

1. e4 g6 2. d4 Bg7 3. Nc3 d6 4. f4 Nf6 5. Nf3 c5 6. d5 O-O 7. Bd3 Qb6 8. a4 c4
9. Bxc4 Qb4 10. Nd2 Ng4 11. Qe2 Na6 12. h3 Bxc3 13. bxc3 Qxc3 14. Ra3 Qxc2 15.
O-O Nf6 16. Ra2 Qc3 17. Bb2 Qg3 18. e5 Ne8 19. Ne4 Qh4 20. Ra3 Nac7 21. f5 Bxf5
22. Rxf5 gxf5 23. exd6 fxe4 24. dxe7 Nf6 25. exf8=Q+ Kxf8 26. Rb3 b5 27. axb5
Ncxd5 28. Be5 e3 29. Bxf6 Qf2+ 30. Qxf2 exf2+ 31. Kxf2 Nxf6 32. Rf3 Ne4+ 33.
Ke3 Nd6 34. Bd3 Rb8 35. Bxh7 Rxb5 36. Bd3 Rb4 37. Rf4 Rxf4 38. Kxf4 a5 39. Ke5
Ke7 40. Kd4 Kf6 41. g4 Kg5 42. Ke5 Ne8 43. Bb5 Ng7 44. h4+ Kxh4 45. Kf6 Kxg4
46. Kxf7 Nf5 47. Ba4 Kf4 48. Ke6 Ke4 49. Bc2+ Kd4 50. Bxf5 a4 51. Kd6 a3 52.
Be6 a2 53. Bxa2 1/2-1/2

[Event "CAN-ch U20 inv."]
[Site "Toronto CAN"]
[Date "2018.08.09"]
[Round "2.1"]
[White "Qiao, Cindy"]
[Black "Plotkin, Mark"]
[Result "0-1"]
[WhiteElo "2016"]
[BlackElo "2332"]
[PlyCount "90"]
[EventDate "2018.08.08"]
[EventType "tourn"]
[EventRounds "9"]
[EventCountry "CAN"]

1. e4 g6 2. d4 Bg7 3. Nf3 d6 4. Nc3 Nf6 5. Bc4 O-O 6. O-O Bg4 7. Be2 Nfd7 8. h3
Bxf3 9. Bxf3 Nc6 10. Be3 e5 11. Ne2 exd4 12. Nxd4 Bxd4 13. Bxd4 Nxd4 14. Qxd4
Qf6 15. c3 Rfe8 16. Rae1 Re7 17. Bd1 Qxd4 18. cxd4 Rae8 19. f3 f5 20. Bb3+ Kg7
21. Rc1 Nf6 22. e5 dxe5 23. dxe5 Rxe5 24. Rxc7+ R8e7 25. Rfc1 f4 26. Rxe7+ Rxe7
27. Kf2 Nh5 28. Bd5 Rd7 29. Rd1 Kf6 30. Bb3 Rxd1 31. Bxd1 Ke5 32. Bc2 Kd4 33.
Be4 b6 34. g4 fxg3+ 35. Kg2 Ke3 36. Bc6 Kf4 37. h4 Ng7 38. Bd7 h5 39. b3 Nf5
40. Bxf5 gxf5 41. a3 a6 42. b4 b5 43. Kh3 Kxf3 44. a4 g2 45. axb5 g1=Q 0-1

[Event "CAN-ch U20 inv."]
[Site "Toronto CAN"]
[Date "2018.08.09"]
[Round "3.5"]
[White "Plotkin, Mark"]
[Black "Tian, Sherry"]
[Result "1/2-1/2"]
[WhiteElo "2332"]
[BlackElo "2028"]
[PlyCount "83"]
[EventDate "2018.08.08"]
[EventType "tourn"]
[EventRounds "9"]
[EventCountry "CAN"]

1. Nf3 d5 2. c4 Nf6 3. cxd5 Nxd5 4. e4 Nf6 5. Nc3 c5 6. Bc4 e6 7. d4 cxd4 8.
Nxd4 a6 9. e5 Nfd7 10. Bf4 Nb6 11. Bd3 Nd5 12. Nxd5 Qxd5 13. O-O Bd7 14. Nf3
Be7 15. Qc2 h6 16. Be4 Qa5 17. a4 Qb4 18. Bd2 Qb6 19. a5 Qb5 20. Bd3 Qd5 21.
Rfd1 Qc6 22. Qb3 Qc7 23. Be3 Nc6 24. Bb6 Qc8 25. Qc4 Nb4 26. Qg4 O-O 27. Be3
Nxd3 28. Bxh6 g6 29. Bxf8 Nxf2 30. Kxf2 Bxf8 31. Rac1 Qe8 32. Rc7 Bc6 33. Ng5
Rc8 34. Rxc8 Qxc8 35. Qh4 Bg7 36. Nxe6 Qxe6 37. Rd8+ Be8 38. Qa4 Qf5+ 39. Kg1
Qb1+ 40. Kf2 Qf5+ 41. Kg1 Qb1+ 42. Kf2 1/2-1/2